000 00313pab a2200121 454500
008 180718b xxu||||| |||| 00| 0 eng d
100 _aFaruqi, M.A
245 _aDrought or drought-like conditions prevailing in U.P. decennial observation
650 _a UP
650 _aDrought
773 _aCivic Affairs
909 _a115
999 _c115
_d115